000 00468nam a2200193 a 4500
001 4091
003 CO-ViMGA
008 141112s2004 ck r 000 u spa d
040 _aCO-ViMGA
_bspa
_cCO-ViMGA
082 0 4 _a232.12 F538
100 1 _aFleury, Rene
245 1 0 _aLas profecías de San Malaquías
250 _a4a
260 _aBarcelona :
_bEditors,
_c1994
300 _a156 p : il
490 _aParaciencia
650 1 4 _aPROFECIAS
_91998
942 _2ddc
_cBK
999 _c16107
_d16107